Statistics for 80's Singers by Picture

Click here to take the quiz!

General Stats

  • This quiz has been taken 1,236 times
  • The average score is 18 of 40

Answer Stats

Answer% Correct
Michael Jackson
99%
Madonna
95%
Lionel Richie
82%
Ozzy Osbourne
82%
George Michael
81%
Prince
81%
Tina Turner
80%
Janet Jackson
75%
Cyndi Lauper
72%
Bono
66%
Billy Idol
62%
Phil Collins
60%
Annie Lennox
58%
Bruce Springsteen
58%
Bonnie Tyler
54%
Rick Astley
53%
Paula Abdul
52%
Sting
48%
Debbie Harry
47%
Kylie Minogue
45%
Boy George
43%
Gloria Estefan
43%
Joan Jett
43%
Kate Bush
37%
Tracy Chapman
36%
Sade Adu
34%
Pat Benatar
30%
Kenny G
28%
Robert Smith
28%
Paul Young
22%
Belinda Carlisle
20%
Billy Ocean
20%
Kim Wilde
20%
Peter Gabriel
18%
Michael Hutchence
15%
Ronnie James Dio
15%
Kim Carnes
14%
Rick Springfield
14%
Anita Baker
6%
Taylor Dayne
6%

Score Distribution

Percentile by Number Answered

Percent of People with Each Score

Your Score History

You have not taken this quiz